书目信息 |
| 题名: |
板栗 核桃分册
|
|
| 作者: | 张廓玉 , 张文亮 , 刘美荣 主编 | |
| 分册: | ||
| 出版信息: | 北京 科学技术文献出版社 2009.01 |
|
| 页数: | 11,246页 | |
| 开本: | 19cm | |
| 丛书名: | ||
| 单 册: | ||
| 中图分类: | S664.2 , S664.2 | |
| 科图分类: | ||
| 主题词: | 果树--栽培--基本知识 , 板栗--栽培--基本知识 , 核桃--栽培--基本知识 , 果树 , 板栗 , 核桃 | |
| 电子资源: | ||
| ISBN: | 978-7-5023-6215-7 | |
| 000 | 01094nam0 2200337 450 | |
| 001 | 004077129 | |
| 005 | 20110113175628.0 | |
| 010 | @a978-7-5023-6215-7@dCNY14.00 | |
| 100 | @a20100801d2009 em y0chiy50 ea | |
| 101 | 0 | @achi |
| 102 | @aCN@b110000 | |
| 105 | @aa z 000yy | |
| 200 | 1 | @a板栗 核桃分册@Aban li he tao fen ce@9you zhi guo pin gao chan nong yan wen da@f张廓玉,张文亮,刘美荣主编 |
| 210 | @a北京@c科学技术文献出版社@d2009.01 | |
| 215 | @a11,246页@c图@d19cm | |
| 300 | @a优质果品高产农谚问答 | |
| 330 | @a本书以农谚问答的形式分别介绍了板栗和核桃的栽培、管理、采收、贮藏、加工、病虫害防治等方面的技术。 | |
| 606 | 0 | @a果树@x栽培@x基本知识 |
| 606 | 0 | @a板栗@x栽培@x基本知识 |
| 606 | 0 | @a核桃@x栽培@x基本知识 |
| 606 | 0 | @a果树 |
| 606 | 0 | @a板栗 |
| 606 | 0 | @a核桃 |
| 690 | @aS664.2@v5 | |
| 690 | @aS664.2@v4 | |
| 701 | 0 | @a张廓玉@f(1930.2~)@9zhang kuo yu@4主编 |
| 701 | 0 | @a张文亮@c(园艺)@9zhang wen liang@4主编 |
| 701 | 0 | @a刘美荣@c(园艺)@9liu mei rong@4主编 |
| 801 | @aCN@b沃亮整理@c20100719 | |
| 905 | @aBZT@dS664.2@e1 | |
| 906 | @dCNY14.00@n0@r1 | |
| 板栗 核桃分册/张廓玉,张文亮,刘美荣主编.-北京:科学技术文献出版社,2009.01 |
| 11,246页:图;19cm |
| 优质果品高产农谚问答 |
| ISBN 978-7-5023-6215-7:CNY14.00 |
| 本书以农谚问答的形式分别介绍了板栗和核桃的栽培、管理、采收、贮藏、加工、病虫害防治等方面的技术。 |
| ● |
| 相关链接 |
|
|
|
正题名:板栗 核桃分册
索取号:S664.2/1
 
预约/预借
| 序号 | 登录号 | 条形码 | 馆藏地/架位号 | 状态 | 备注 |
| 1 | 753945 | 2000753945 | 样本书库/样002架B面3层2列/ [索取号:S664.2/1] | 在馆 | |
| 2 | 753946 | 2000753946 | 中心书库中库/ 中库032架A面2列4层32/ [索取号:S664.2/1] | 在馆 | |
| 3 | 753947 | 2000753947 | 中心书库中库/ 中库032架A面2列4层30/ [索取号:S664.2/1] | 在馆 | |
| 4 | 753948 | 2000753948 | 中心书库中库/ 中库032架A面2列4层29/ [索取号:S664.2/1] | 在馆 | |
| 5 | 753949 | 2000753949 | 中心书库中库/ 中库032架A面2列4层28/ [索取号:S664.2/1] | 在馆 | |
| 6 | 753950 | 2000753950 | 中心书库中库/ 中库032架A面2列4层27/ [索取号:S664.2/1] | 在馆 |